000 00438nam a2200181 a 4500
001 6032
003 CO-ViMGA
008 141112s2004 ck r 000 u spa d
040 _aCO-ViMGA
_bspa
_cCO-ViMGA
082 0 4 _a615.852 G672
100 1 _aGordon, Richard
_94636
245 1 0 _aTus manos curan
260 _aMálaga :
_bSirio,
_c1992
300 _a161 p : il
650 1 4 _aCURACION
650 1 4 _aCURANDERISMO
_94637
942 _2ddc
_cBK
999 _c18006
_d18006